| 000 | 00456nam a22001577a 4500 | ||
|---|---|---|---|
| 999 |
_c524776 _d524776 |
||
| 003 | NUST | ||
| 038 | _aMr. Zahoor | ||
| 082 | _a621 | ||
| 100 |
_aAtta Ul Wasay _915568 |
||
| 245 |
_aModelling and FEM Analysis of 3D Printable Robotic Prosthetic Hand / _cAtta Ul Wasay |
||
| 260 |
_aIslamabad : _bCEME - NUST, _c2016. |
||
| 300 |
_axii, 76 p. : ill. ; _c30 cm. |
||
| 500 | _aHardcover. | ||
| 600 | _2Mechatronics Engineering - MS Thesis | ||
| 942 |
_2ddc _cTHE |
||